[Event "SF Essen-Katernberg  2 - SK Münster 3"]
[Site "NRW-Klasse - Gruppe 2 2019/20"]
[Date "2020.02.23"]
[Round "7.1"]
[White "Korth, Daniel"]
[Black "Gassmann, Volker"]
[Result "1/2-1/2"]
[WhiteElo "2164"]
[BlackElo "2229"]
[PlyCount "116"]
[EventDate "2020.??.??"]
[SourceVersionDate "2020.03.16"]
[WhiteTeam "SK Münster 3"]
[BlackTeam "SF Essen-Katernberg  2"]

1. d4 f5 2. g3 Nf6 3. Bg2 g6 4. c3 Bg7 5. Qb3 c6 6. Nh3 Qb6 7. O-O Qxb3 8. axb3
O-O 9. Nd2 d6 10. Nc4 Na6 11. Re1 d5 12. Na5 Re8 13. b4 Ne4 14. Bf4 Nd6 15.
Bxd6 exd6 16. b5 Nc7 17. bxc6 b6 18. Nb7 Bf8 19. Nf4 Be6 20. Nxe6 Rxe6 21. e3
Kg7 22. Ra3 Ree8 23. Rea1 a6 24. Rb3 b5 25. h4 Kf6 26. Rba3 Ke6 27. R3a2 Kf6
28. b3 Ke6 29. Rc1 Rec8 30. Na5 Rab8 31. Re2 Kf6 32. b4 Rb6 33. Rce1 Re8 34. f3
Bh6 35. Kh2 Re7 36. g4 Bf8 37. Rh1 fxg4 38. fxg4 Kg7 39. g5 Rf7 40. Kg3 Be7 41.
Rf1 Rxf1 42. Bxf1 h6 43. gxh6+ Kxh6 44. Bh3 Bf6 45. Bd7 Rb8 46. Nb7 Be7 47. e4
dxe4 48. Rxe4 Bf8 49. Kg4 Ra8 50. Re2 Kg7 51. Re3 Nd5 52. Re1 Nc7 53. Kg5 Kf7
54. d5 Be7+ 55. Kg4 Rh8 56. Be6+ Ke8 57. Bd7+ Kf7 58. Be6+ Ke8 1/2-1/2

[Event "SF Essen-Katernberg  2 - SK Münster 3"]
[Site "NRW-Klasse - Gruppe 2 2019/20"]
[Date "2020.02.23"]
[Round "7.2"]
[White "Villwock, Martin"]
[Black "Wieder, Heiner"]
[Result "1-0"]
[WhiteElo "2092"]
[BlackElo "2045"]
[PlyCount "73"]
[EventDate "2020.??.??"]
[SourceVersionDate "2020.03.16"]
[WhiteTeam "SF Essen-Katernberg  2"]
[BlackTeam "SK Münster 3"]

1. e4 c5 2. Nf3 d6 3. c3 g6 4. d4 cxd4 5. cxd4 Bg7 6. Bc4 Nf6 7. Qe2 O-O 8. O-O
Nc6 9. Nc3 Bg4 10. Rd1 Nd7 11. Be3 Nb6 12. Bb3 Na5 13. h3 Nxb3 14. axb3 Bxf3
15. Qxf3 e6 16. Qg3 d5 17. f3 Qd7 18. h4 h6 19. e5 Nc8 20. Qf2 Ne7 21. g4 Rfc8
22. Qd2 Kh7 23. Qd3 Nc6 24. h5 Nb4 25. hxg6+ fxg6 26. Qd2 Qe7 27. Kg2 Rf8 28.
Rh1 Qf7 29. Rh3 Kg8 30. Nb5 a5 31. Nd6 Qe7 32. Bxh6 b6 33. Bxg7 Qxg7 34. Rah1
Ra7 35. Rh8+ Qxh8 36. Rxh8+ Kxh8 37. Qh6+ 1-0

[Event "SF Essen-Katernberg  2 - SK Münster 3"]
[Site "NRW-Klasse - Gruppe 2 2019/20"]
[Date "2020.02.23"]
[Round "7.3"]
[White "Kaufhold, Thomas"]
[Black "Dahm, Bernd"]
[Result "1/2-1/2"]
[WhiteElo "2022"]
[BlackElo "2104"]
[PlyCount "38"]
[EventDate "2020.??.??"]
[SourceVersionDate "2020.03.16"]
[WhiteTeam "SK Münster 3"]
[BlackTeam "SF Essen-Katernberg  2"]

1. d4 Nf6 2. c4 e6 3. Nf3 Bb4+ 4. Bd2 Qe7 5. e3 b6 6. Bd3 Bb7 7. O-O O-O 8. Nc3
c5 9. Qe2 d6 10. a3 Bxc3 11. Bxc3 Ne4 12. Bxe4 Bxe4 13. Rfd1 Nd7 14. Rd2 Rfd8
15. Rad1 Rac8 16. dxc5 dxc5 17. Ne5 Nxe5 18. Bxe5 f6 19. Bc3 Bc6 1/2-1/2

[Event "SF Essen-Katernberg  2 - SK Münster 3"]
[Site "NRW-Klasse - Gruppe 2 2019/20"]
[Date "2020.02.23"]
[Round "7.4"]
[White "Irkilmez, Yakub"]
[Black "Niermann, Rainer"]
[Result "1-0"]
[WhiteElo "2088"]
[BlackElo "1997"]
[PlyCount "73"]
[EventDate "2020.??.??"]
[SourceVersionDate "2020.03.16"]
[WhiteTeam "SF Essen-Katernberg  2"]
[BlackTeam "SK Münster 3"]

1. d4 Nf6 2. Bf4 c5 3. e3 Nc6 4. Nf3 Qb6 5. Na3 cxd4 6. exd4 d6 7. Nc4 Qc7 8.
h3 Bf5 9. Ne3 Bg6 10. d5 Ne5 11. Bxe5 dxe5 12. Bb5+ Nd7 13. Bxd7+ Kxd7 14. O-O
Rd8 15. c4 Kc8 16. c5 e4 17. Nd4 Kb8 18. b4 e5 19. d6 Qd7 20. Nb3 f5 21. Qd5
Re8 22. Nc4 Bf7 23. Nxe5 Bxd5 24. Nxd7+ Kc8 25. Nxf8 Rhxf8 26. Rfd1 Re5 27. Nd4
f4 28. Re1 e3 29. b5 f3 30. gxf3 Rg5+ 31. Kh2 exf2 32. Rf1 Rf4 33. Rad1 Bc4 34.
d7+ Kd8 35. c6 Rf8 36. Rxf2 b6 37. Rc2 1-0

[Event "SF Essen-Katernberg  2 - SK Münster 3"]
[Site "NRW-Klasse - Gruppe 2 2019/20"]
[Date "2020.02.23"]
[Round "7.5"]
[White "Wingenfeld, Klaus"]
[Black "Dette, Jan"]
[Result "0-1"]
[WhiteElo "1848"]
[BlackElo "2066"]
[Annotator "Daniel"]
[PlyCount "100"]
[EventDate "2020.??.??"]
[SourceVersionDate "2020.03.16"]
[WhiteTeam "SK Münster 3"]
[BlackTeam "SF Essen-Katernberg  2"]

1. d4 e6 2. Nf3 f5 3. c4 Nf6 4. Bf4 Bb4+ 5. Nc3 b6 6. e3 Bb7 7. Bd3 d6 8. Qa4+
Nc6 9. d5 exd5 10. Nd4 a6 11. Nxc6 Bxc3+ 12. bxc3 Qd7 13. cxd5 Nxd5 14. Bxf5
Qxf5 15. Na5+ b5 16. Qd4 $11 Nxf4 17. Qxf4 Qxf4 18. exf4 Bd5 19. O-O Kd7 20.
Rfe1 Rhf8 21. g3 Rae8 22. Re3 Rf7 23. Kf1 Rfe7 24. Ke2 Re4 25. Nb3 Ra4 26. Nc1
a5 27. Kd3 b4 28. cxb4 axb4 29. Rxe8 Kxe8 30. Kc2 c5 31. Kb2 Ra3 32. Nb3 c4 33.
Re1+ Kd7 34. Nc1 c3+ 35. Kb1 Be6 36. Re2 Bg4 37. Re1 Bf5+ 38. Ka1 Bc2 39. Re3
d5 40. Ne2 Bd1 41. Nc1 Kd6 42. Kb1 Bg4 43. Re5 g6 44. Nb3 Bf5+ 45. Ka1 Bd3 46.
Re3 Bc4 47. Nc1 d4 48. Re4 Kd5 49. Re5+ Kc6 50. Re4 b3 0-1

[Event "SF Essen-Katernberg  2 - SK Münster 3"]
[Site "NRW-Klasse - Gruppe 2 2019/20"]
[Date "2020.02.23"]
[Round "7.6"]
[White "Heldt, Maximilian"]
[Black "Baumann, Stephan"]
[Result "1-0"]
[WhiteElo "2077"]
[BlackElo "1943"]
[PlyCount "47"]
[EventDate "2020.??.??"]
[SourceVersionDate "2020.03.16"]
[WhiteTeam "SF Essen-Katernberg  2"]
[BlackTeam "SK Münster 3"]

1. e4 e5 2. d4 Nc6 3. Nf3 exd4 4. Bc4 Nf6 5. O-O Nxe4 6. Re1 d5 7. Bxd5 Qxd5 8.
Nc3 Qa5 9. Nxe4 Be6 10. Neg5 O-O-O 11. Nxe6 fxe6 12. Rxe6 Bd6 13. Bg5 Rdf8 14.
Bh4 Qd5 15. Qe2 g5 16. Bxg5 Rhg8 17. Bh6 d3 18. cxd3 Qxf3 19. Re8+ Nd8 20. Qxf3
Rxf3 21. Rxg8 Rf5 22. Bg5 Bf8 23. Rd1 Ne6 24. Bh6 1-0

[Event "SF Essen-Katernberg  2 - SK Münster 3"]
[Site "NRW-Klasse - Gruppe 2 2019/20"]
[Date "2020.02.23"]
[Round "7.7"]
[White "Vogenauer, Nikolas"]
[Black "Sauer, Bernd"]
[Result "1/2-1/2"]
[WhiteElo "1881"]
[BlackElo "1926"]
[PlyCount "117"]
[EventDate "2020.??.??"]
[SourceVersionDate "2020.03.16"]
[WhiteTeam "SK Münster 3"]
[BlackTeam "SF Essen-Katernberg  2"]

1. e4 c6 2. d4 d5 3. Nc3 dxe4 4. Nxe4 Bf5 5. Ng3 Bg6 6. Nf3 Nd7 7. h4 h6 8. h5
Bh7 9. Bd3 Bxd3 10. Qxd3 e6 11. Bd2 Ngf6 12. O-O-O Qc7 13. Kb1 O-O-O 14. Ne4
Nxe4 15. Qxe4 Nf6 16. Qe2 Rd5 17. c4 Rd7 18. Bc3 Bd6 19. Ne5 Re7 20. f4 c5 21.
g3 cxd4 22. Bxd4 Bc5 23. Bc3 Qb6 24. Nd3 Rd7 25. Nxc5 Qxc5 26. Rxd7 Kxd7 27.
Rd1+ Kc8 28. Qd3 Qe7 29. Bxf6 Qxf6 30. Qd7+ Kb8 31. Qd6+ Ka8 32. Rd3 a6 33. Qb6
Qf5 34. Kc2 Rc8 35. Kc3 Qe4 36. b3 Qe1+ 37. Kc2 Qe2+ 38. Rd2 Qe4+ 39. Kb2 e5
40. Rd8 Rxd8 41. Qxd8+ Ka7 42. fxe5 Qxe5+ 43. Ka3 f5 44. Qd3 f4 45. gxf4 Qxf4
46. Qd5 Qg5 47. Qf7 Qc5+ 48. Kb2 Qd4+ 49. Ka3 Kb6 50. Qe6+ Kc7 51. Qf7+ Qd7 52.
Qg8 Kd6 53. b4 Ke5 54. Qf8 Qd3+ 55. Kb2 Qd2+ 56. Kb3 Qd3+ 57. Kb2 Qd7 58. Kc3
Qd4+ 59. Kb3 1/2-1/2

[Event "SF Essen-Katernberg  2 - SK Münster 3"]
[Site "NRW-Klasse - Gruppe 2 2019/20"]
[Date "2020.02.23"]
[Round "7.8"]
[White "Payes Kanders, Valentin"]
[Black "Schroeder, Joerg"]
[Result "0-1"]
[WhiteElo "1585"]
[BlackElo "1955"]
[PlyCount "94"]
[EventDate "2020.??.??"]
[SourceVersionDate "2020.03.16"]
[WhiteTeam "SF Essen-Katernberg  2"]
[BlackTeam "SK Münster 3"]

1. e4 e5 2. Nf3 Nc6 3. Bc4 Nf6 4. d4 exd4 5. O-O d5 6. exd5 Nxd5 7. Nxd4 Be7 8.
Nb5 a6 9. Qxd5 Be6 10. Qxd8+ Bxd8 11. N5a3 Bxc4 12. Nxc4 b5 13. Re1+ Kf8 14.
Ne3 Bg5 15. Nd5 Bxc1 16. Rxc1 Nd4 17. Kf1 Rd8 18. c3 Ne6 19. Ne3 Ke7 20. g3 Ng5
21. h4 Ne4 22. Re1 Rhe8 23. Nd5+ Kd6 24. Nb4 a5 25. Nc2 c5 26. Nba3 Kc6 27.
Rad1 Rd2 28. Rxd2 Nxd2+ 29. Kg2 Rxe1 30. Nxe1 b4 31. cxb4 cxb4 32. Nac2 Kd5 33.
b3 Ne4 34. Nd3 Nc3 35. Nc1 Kc5 36. Kf3 Kb5 37. Nd4+ Kc5 38. Ke3 Nd1+ 39. Ke2
Nxf2 40. Nf5 Ne4 41. Kf3 Nc3 42. Nxg7 Kb5 43. Ne8 a4 44. Nd6+ Ka5 45. Nxf7 Nxa2
46. Nd3 a3 47. Ne1 Nc1 0-1

[Event "SK Holsterhausen 1 - Südlohner SV 1"]
[Site "NRW-Klasse - Gruppe 2 2019/20"]
[Date "2020.02.23"]
[Round "7.1"]
[White "Michalczak, Thomas"]
[Black "Walbaum, Klaus"]
[Result "0-1"]
[WhiteElo "2231"]
[BlackElo "2119"]
[Annotator "Daniel"]
[PlyCount "58"]
[EventDate "2020.??.??"]
[SourceVersionDate "2020.03.16"]
[WhiteTeam "Südlohner SV 1"]
[BlackTeam "SK Holsterhausen 1"]

1. e4 c5 2. Nf3 d6 3. d4 cxd4 4. Nxd4 Nf6 5. Nc3 a6 6. Be2 e6 7. Be3 Nc6 8. O-O
Be7 9. f4 O-O 10. Kh1 Bd7 11. Nb3 b5 12. Bf3 Rb8 13. Qd2 b4 14. Ne2 Na5 15.
Nxa5 Qxa5 16. Nd4 Qc7 17. Rf2 Rfd8 18. g4 d5 19. exd5 exd5 20. f5 Ne4 21. Bxe4
dxe4 $11 22. Bf4 Bd6 23. Bxd6 Qxd6 24. Qe3 f6 25. Rd2 Qe5 26. Rad1 Be8 27. Re1
Rbc8 28. Qxe4 Rxd4 29. Rxd4 Bc6 0-1

[Event "SK Holsterhausen 1 - Südlohner SV 1"]
[Site "NRW-Klasse - Gruppe 2 2019/20"]
[Date "2020.02.23"]
[Round "7.2"]
[White "Schwalen, Peter"]
[Black "Kolakovic, Klaudio"]
[Result "1/2-1/2"]
[WhiteElo "2017"]
[BlackElo "2156"]
[PlyCount "69"]
[EventDate "2020.??.??"]
[SourceVersionDate "2020.03.16"]
[WhiteTeam "SK Holsterhausen 1"]
[BlackTeam "Südlohner SV 1"]

1. e4 c5 2. Nf3 Nc6 3. d4 cxd4 4. Nxd4 e5 5. Nb5 a6 6. Nd6+ Bxd6 7. Qxd6 Qe7 8.
Qxe7+ Ngxe7 9. c4 Nd4 10. Bd3 d6 11. Be3 Nec6 12. Na3 Be6 13. b3 O-O 14. Nc2
Nxc2+ 15. Bxc2 Nb4 16. O-O-O Nxc2 17. Kxc2 b5 18. cxb5 axb5 19. Kb2 Ra6 20. a3
Rfa8 21. Ra1 f5 22. exf5 Bxf5 23. Rhd1 Be6 24. f4 Rc6 25. Rac1 Rca6 26. Ra1 Rc6
27. Rdc1 Rac8 28. Rxc6 Rxc6 29. a4 bxa4 30. bxa4 exf4 31. Bxf4 Rb6+ 32. Kc3
Rc6+ 33. Kd2 Kf7 34. a5 Bc8 35. Rc1 1/2-1/2

[Event "SK Holsterhausen 1 - Südlohner SV 1"]
[Site "NRW-Klasse - Gruppe 2 2019/20"]
[Date "2020.02.23"]
[Round "7.3"]
[White "Voelker, Christian"]
[Black "Kortenbusch, Christoph"]
[Result "0-1"]
[WhiteElo "2078"]
[BlackElo "2055"]
[Annotator "Daniel"]
[PlyCount "110"]
[EventDate "2020.??.??"]
[SourceVersionDate "2020.03.16"]
[WhiteTeam "Südlohner SV 1"]
[BlackTeam "SK Holsterhausen 1"]

1. d4 Nf6 2. Nc3 d5 3. e4 Nxe4 4. Nxe4 dxe4 5. Be3 Nd7 6. f3 e5 7. dxe5 Nxe5 8.
Qxd8+ Kxd8 9. fxe4 Bd6 10. O-O-O Ke7 11. Nf3 Be6 12. Bd4 f6 13. Be2 Nc6 14. a3
Rad8 15. Be3 a6 16. h3 Ne5 17. Nxe5 Bxe5 18. Bc5+ Kf7 19. Be3 a5 20. Rhf1 b6
21. Bb5 Ke7 22. Rxd8 Rxd8 23. Bf4 $11 Bxf4+ 24. Rxf4 Kd6 25. Bd3 Ke5 26. Rf2 c5
27. b3 Bxb3 28. Rf5+ Ke6 29. Kb2 Ba4 30. Bc4+ Ke7 31. e5 Rd2 32. exf6+ gxf6 33.
Bd3 Be8 34. Rf3 Bg6 35. Bxg6 hxg6 36. g4 Rd4 37. Rb3 Rd6 38. c4 Rd2+ 39. Kc3
Rh2 40. Rxb6 Rxh3+ 41. Kb2 Rg3 42. Rc6 Rxg4 43. Rxc5 Rg5 44. Rc7+ Kd6 45. Ra7
Rf5 46. Kc3 g5 47. Ra6+ Kc7 48. Kd4 Kb7 49. Re6 g4 50. Re1 g3 51. Rg1 Rf3 52.
a4 f5 53. Re1 Rf4+ 54. Kd5 g2 55. Rg1 Rf2 0-1

[Event "SK Holsterhausen 1 - Südlohner SV 1"]
[Site "NRW-Klasse - Gruppe 2 2019/20"]
[Date "2020.02.23"]
[Round "7.4"]
[White "Bobzin, Pierre"]
[Black "Doennebrink, Elmar"]
[Result "1/2-1/2"]
[WhiteElo "2056"]
[BlackElo "2075"]
[PlyCount "57"]
[EventDate "2020.??.??"]
[SourceVersionDate "2020.03.16"]
[WhiteTeam "SK Holsterhausen 1"]
[BlackTeam "Südlohner SV 1"]

1. Nf3 Nf6 2. g3 g6 3. Bg2 Bg7 4. O-O O-O 5. d3 c5 6. Nbd2 Nc6 7. e4 Rb8 8. a4
a6 9. Re1 b5 10. axb5 axb5 11. h3 d6 12. e5 Nxe5 13. Nxe5 dxe5 14. Rxe5 Nd7 15.
Re1 Bb7 16. Bxb7 Rxb7 17. Ne4 Qc8 18. Kh2 Qc6 19. f4 h6 20. Qf3 Rc8 21. Nd2
Qxf3 22. Nxf3 Nb6 23. Ne5 Nd5 24. Bd2 e6 25. Kg2 Bxe5 26. Rxe5 c4 27. dxc4 Rxc4
28. c3 Rc8 29. Kf3 1/2-1/2

[Event "SK Holsterhausen 1 - Südlohner SV 1"]
[Site "NRW-Klasse - Gruppe 2 2019/20"]
[Date "2020.02.23"]
[Round "7.5"]
[White "Engels, Natia"]
[Black "Lindenmaier, Reinhard"]
[Result "1-0"]
[WhiteElo "2059"]
[BlackElo "1985"]
[PlyCount "113"]
[EventDate "2020.??.??"]
[SourceVersionDate "2020.03.16"]
[WhiteTeam "Südlohner SV 1"]
[BlackTeam "SK Holsterhausen 1"]

1. d4 d6 2. Nf3 Bg4 3. Nbd2 Nd7 4. h3 Bh5 5. e4 e5 6. c3 c6 7. g4 Bg6 8. Bg2 h5
9. g5 h4 10. Qe2 Be7 11. Nf1 f6 12. N1h2 fxg5 13. Ng4 Bf6 14. Qe3 exd4 15. cxd4
Qb6 16. O-O O-O-O 17. e5 Re8 18. Qc3 dxe5 19. dxe5 Be7 20. Be3 Bb4 21. Qc4 Qa5
22. a3 Be7 23. b4 Qd5 24. Qc3 Qd3 25. Qb2 Nb6 26. Bxb6 axb6 27. e6 Bf6 28. Nfe5
Qf5 29. Nxf6 Nxf6 30. b5 c5 31. Nxg6 Qxg6 32. Qe5 g4 33. Kh1 gxh3 34. Bxh3 Qe4+
35. Qxe4 Nxe4 36. Bg4 Kc7 37. Kh2 g5 38. Rad1 Re7 39. f4 gxf4 40. Rxf4 Nd6 41.
a4 Rd8 42. Kh3 Rh8 43. Rd5 Rhh7 44. Rf8 Re8 45. Rf6 Ree7 46. Rf1 Nc4 47. Re1
Nd6 48. Re3 Nc4 49. Red3 Nb2 50. Rb3 Nc4 51. Rc3 Nd6 52. a5 Ne4 53. Rf3 bxa5
54. Rf4 Nd6 55. Rxc5+ Kb6 56. Rd5 Ne8 57. Rd7 1-0

[Event "SK Holsterhausen 1 - Südlohner SV 1"]
[Site "NRW-Klasse - Gruppe 2 2019/20"]
[Date "2020.02.23"]
[Round "7.6"]
[White "Sicars, Thorsten"]
[Black "Funke, Reinhard"]
[Result "1/2-1/2"]
[WhiteElo "1988"]
[BlackElo "2050"]
[PlyCount "76"]
[EventDate "2020.??.??"]
[SourceVersionDate "2020.03.16"]
[WhiteTeam "SK Holsterhausen 1"]
[BlackTeam "Südlohner SV 1"]

1. d4 Nf6 2. Bf4 g6 3. Nc3 Bg7 4. e4 d6 5. Qd2 O-O 6. O-O-O Re8 7. Nf3 c6 8.
Kb1 b5 9. Bd3 b4 10. Ne2 a5 11. Ng3 Ba6 12. Bh6 Bh8 13. Bxa6 Nxa6 14. Qf4 Nc7
15. Ng5 e5 16. dxe5 dxe5 17. Qf3 Qc8 18. h3 Ne6 19. Ne2 Nxg5 20. Bxg5 Qe6 21.
Rd3 Red8 22. Rhd1 Rxd3 23. Qxd3 Bg7 24. Be3 Bf8 25. f3 Be7 26. Nc1 c5 27. Qb5
c4 28. Bg5 c3 29. Nd3 Nxe4 30. Bh6 Nd6 31. Qxe5 Qxe5 32. Nxe5 Nf5 33. Bf4 cxb2
34. Nc4 Bf6 35. Be5 Bxe5 36. Nxe5 Ne3 37. Rd7 Re8 38. Ng4 Nxg4 1/2-1/2

[Event "SK Holsterhausen 1 - Südlohner SV 1"]
[Site "NRW-Klasse - Gruppe 2 2019/20"]
[Date "2020.02.23"]
[Round "7.7"]
[White "Hater, Wolfgang"]
[Black "Warmbier, Robert"]
[Result "1-0"]
[WhiteElo "2003"]
[BlackElo "1886"]
[PlyCount "127"]
[EventDate "2020.??.??"]
[SourceVersionDate "2020.03.16"]
[WhiteTeam "Südlohner SV 1"]
[BlackTeam "SK Holsterhausen 1"]

1. e4 c5 2. Nf3 e6 3. d3 a6 4. Be2 Qc7 5. Nbd2 Nc6 6. c3 Nf6 7. a3 d5 8. Qc2 b6
9. b4 Bb7 10. Bb2 Rc8 11. Rc1 Bd6 12. Qb1 Qb8 13. h3 O-O 14. O-O Rfd8 15. Rcd1
Qa8 16. Rfe1 dxe4 17. Nxe4 Nxe4 18. dxe4 Ne5 19. Nxe5 Bxe5 20. f3 cxb4 21. cxb4
Bxb2 22. Qxb2 b5 23. Rc1 Qa7+ 24. Kf1 Qb6 25. Rc3 h6 26. Rec1 Rxc3 27. Rxc3 Rd7
28. Rc5 Qd6 29. Qc1 Qd4 30. Qc2 Qa1+ 31. Qc1 Qd4 32. Qc3 Qxc3 33. Rxc3 g5 34.
Kf2 Kg7 35. Ke3 f5 36. exf5 exf5 37. Bd3 f4+ 38. Kd2 Kf6 39. Rc5 Kf7 40. h4 g4
41. Rf5+ Ke7 42. Rxf4 gxf3 43. gxf3 Rd6 44. Ke3 Bd5 45. Rg4 Bxf3 46. Rg7+ Kf8
47. Rg6 Rxg6 48. Bxg6 Kg7 49. Bd3 Bb7 50. Kd4 Kf6 51. Kc5 Ke5 52. Kb6 Bc8 53.
Kc7 Be6 54. Kb7 Bc4 55. Bg6 Kf4 56. Kxa6 Kg4 57. h5 Kg5 58. Be8 Be2 59. Bxb5
Bxh5 60. Bc6 Be2+ 61. b5 Kf4 62. Ka7 Bf3 63. Bxf3 Kxf3 64. b6 1-0

[Event "SK Holsterhausen 1 - Südlohner SV 1"]
[Site "NRW-Klasse - Gruppe 2 2019/20"]
[Date "2020.02.23"]
[Round "7.8"]
[White "Westendorp, Christian"]
[Black "Harbers, Gerard"]
[Result "0-1"]
[WhiteElo "1902"]
[BlackElo "1876"]
[PlyCount "70"]
[EventDate "2020.??.??"]
[SourceVersionDate "2020.03.16"]
[WhiteTeam "SK Holsterhausen 1"]
[BlackTeam "Südlohner SV 1"]

1. d4 Nf6 2. c4 g6 3. Nc3 d5 4. Nf3 Bg7 5. cxd5 Nxd5 6. e4 Nxc3 7. bxc3 c5 8.
Be3 Qa5 9. Qb3 O-O 10. Bc4 cxd4 11. Bxd4 Nc6 12. Bxg7 Kxg7 13. O-O Qc7 14. Qc2
Na5 15. Bb3 Rd8 16. h3 b6 17. Rfd1 Ba6 18. Rd4 Rac8 19. Rc1 Rxd4 20. cxd4 Qf4
21. Qxc8 Bxc8 22. Rxc8 Nxb3 23. axb3 Qxe4 24. Rc3 h6 25. Re3 Qb1+ 26. Kh2 e6
27. Ne5 Qb2 28. Rf3 f6 29. Nc6 a5 30. Nd8 e5 31. d5 e4 32. Rg3 Qe5 33. Ne6+ Kf7
34. Nd8+ Ke8 35. Ne6 Ke7 0-1

[Event "SV Wattenscheid 2 - Gütersloher SV 1"]
[Site "NRW-Klasse - Gruppe 2 2019/20"]
[Date "2020.02.23"]
[Round "7.1"]
[White "Plaßmann, Dominik"]
[Black "Schlehoefer, Ralf"]
[Result "1/2-1/2"]
[WhiteElo "2106"]
[BlackElo "2155"]
[PlyCount "206"]
[EventDate "2020.??.??"]
[SourceVersionDate "2020.03.16"]
[WhiteTeam "Gütersloher SV 1"]
[BlackTeam "SV Wattenscheid 2"]

1. e4 e5 2. Nc3 Nc6 3. g3 h5 4. h4 Bc5 5. Bg2 Qf6 6. Nh3 Nge7 7. d3 d6 8. Bg5
Qg6 9. Qd2 Bg4 10. f3 Be6 11. f4 f6 12. f5 Bxf5 13. exf5 Nxf5 14. Be4 fxg5 15.
Rf1 Rf8 16. Nxg5 Nce7 17. O-O-O O-O-O 18. Rde1 d5 19. Bg2 Qd6 20. Bh3 Kb8 21.
Nh7 Rf7 22. Ng5 Rf6 23. Nce4 dxe4 24. Nxe4 Qb6 25. Nxf6 Qxf6 26. Rf3 g6 27. Kb1
Qd6 28. Qg5 a5 29. g4 hxg4 30. Bxg4 Rg8 31. c3 a4 32. a3 Qb6 33. Ka1 Qb3 34.
Qd2 Nxh4 35. Rh3 g5 36. Rxe5 Qb6 37. d4 Bd6 38. Rxg5 Nhg6 39. Rf3 Rh8 40. Rh5
Rxh5 41. Bxh5 Qc6 42. Rf1 Nf4 43. Bf3 Qb5 44. Rh1 Ned5 45. Bxd5 Nxd5 46. Rh8+
Ka7 47. c4 Qa6 48. cxd5 Qf1+ 49. Ka2 Qc4+ 50. Kb1 Qxd5 51. Qd1 Qb5 52. Rh5 Qa6
53. Rf5 Kb6 54. Qf1 Qxf1+ 55. Rxf1 Kb5 56. Rc1 c5 57. dxc5 Bxc5 58. Kc2 Kc4 59.
Rh1 b5 60. Rh4+ Bd4 61. Rg4 Kc5 62. Rg5+ Kc4 63. Rg4 Kc5 64. b3 axb3+ 65. Kxb3
Bf6 66. Rf4 Be7 67. Rf5+ Kc6 68. Rh5 Bc5 69. Rh6+ Kc7 70. Rg6 Kb7 71. Rg3 Kb6
72. Rg5 Bf8 73. Rf5 Bc5 74. Rf6+ Kb7 75. Rg6 Kc7 76. a4 bxa4+ 77. Kxa4 Kb7 78.
Kb5 Ba7 79. Rg7+ Ka8 80. Kc6 Bb8 81. Kb6 Be5 82. Rd7 Bb8 83. Rb7 Bf4 84. Rf7
Bb8 85. Kc6 Be5 86. Rf8+ Bb8 87. Re8 Ka7 88. Re4 Bg3 89. Re3 Bf4 90. Rf3 Be5
91. Ra3+ Kb8 92. Rb3+ Ka8 93. Rb7 Bb8 94. Kb6 Bf4 95. Ra7+ Kb8 96. Re7 Ka8 97.
Re4 Bg3 98. Re2 Bf4 99. Re1 Bg3 100. Rf1 Be5 101. Rf5 Bd4+ 102. Ka6 Ba7 103.
Rf8+ Bb8 1/2-1/2

[Event "SV Wattenscheid 2 - Gütersloher SV 1"]
[Site "NRW-Klasse - Gruppe 2 2019/20"]
[Date "2020.02.23"]
[Round "7.2"]
[White "Gohla, Ulf"]
[Black "Janyska, Dennis"]
[Result "1/2-1/2"]
[WhiteElo "2185"]
[BlackElo "2050"]
[PlyCount "42"]
[EventDate "2020.??.??"]
[SourceVersionDate "2020.03.16"]
[WhiteTeam "SV Wattenscheid 2"]
[BlackTeam "Gütersloher SV 1"]

1. d4 d5 2. c4 e6 3. Nc3 Nf6 4. cxd5 exd5 5. Bg5 Be7 6. e3 c6 7. Qc2 Nbd7 8.
Bd3 Nh5 9. Bxe7 Qxe7 10. Nge2 g6 11. h3 Nb6 12. O-O-O Ng7 13. Ng3 Be6 14. f4
Qc7 15. Qf2 Nf5 16. Nxf5 Bxf5 17. Be2 O-O-O 18. g4 Be4 19. Nxe4 dxe4 20. Kb1
Nd5 21. Rc1 Qa5 1/2-1/2

[Event "SV Wattenscheid 2 - Gütersloher SV 1"]
[Site "NRW-Klasse - Gruppe 2 2019/20"]
[Date "2020.02.23"]
[Round "7.3"]
[White "Kretschmann, Michael"]
[Black "Peter, Thomas"]
[Result "0-1"]
[WhiteElo "2079"]
[BlackElo "2083"]
[PlyCount "100"]
[EventDate "2020.??.??"]
[SourceVersionDate "2020.03.16"]
[WhiteTeam "Gütersloher SV 1"]
[BlackTeam "SV Wattenscheid 2"]

1. d3 Nf6 2. g3 g6 3. Bg2 Bg7 4. Nf3 d5 5. Nbd2 Nc6 6. O-O Bg4 7. h3 Bd7 8. e4
O-O 9. Qe2 dxe4 10. dxe4 e5 11. c3 Re8 12. a4 b6 13. Nc4 a5 14. Bg5 h6 15. Bxf6
Qxf6 16. Ne3 Ne7 17. Rfd1 Rad8 18. h4 Qc6 19. Nd5 Nxd5 20. exd5 Qd6 21. Nd2 f5
22. Nc4 Qc5 23. Bf1 Bc8 24. Qe3 Qf8 25. d6 f4 26. Qf3 fxg3 27. Qxg3 cxd6 28.
Nxb6 Bf5 29. Nd5 e4 30. Nf4 Be5 31. Bc4+ Kh7 32. h5 g5 33. Ng6 Bxg6 34. hxg6+
Kxg6 35. Qh3 Qf4 36. Be2 Rf8 37. Bh5+ Kg7 38. Rf1 d5 39. Rad1 d4 40. cxd4 Bxd4
41. Kg2 Be5 42. Rxd8 Rxd8 43. Re1 Rd2 44. Be2 Qf6 45. Qe3 Qf4 46. Qa7+ Bc7 47.
Qa6 Rd6 48. Qc8 Rf6 49. Qd7+ Kf8 50. Kh3 Qh4+ 0-1

[Event "SV Wattenscheid 2 - Gütersloher SV 1"]
[Site "NRW-Klasse - Gruppe 2 2019/20"]
[Date "2020.02.23"]
[Round "7.4"]
[White "Schlange, Stefan"]
[Black "Grochtmann, Stephan"]
[Result "1-0"]
[WhiteElo "2116"]
[BlackElo "2038"]
[PlyCount "113"]
[EventDate "2020.??.??"]
[SourceVersionDate "2020.03.16"]
[WhiteTeam "SV Wattenscheid 2"]
[BlackTeam "Gütersloher SV 1"]

1. e4 c5 2. Nf3 g6 3. d4 cxd4 4. Nxd4 Bg7 5. c4 Nc6 6. Nc2 d6 7. Be2 f5 8. exf5
Bxf5 9. Ne3 Nf6 10. Nxf5 Qa5+ 11. Nc3 Qxf5 12. O-O O-O 13. Be3 Kh8 14. Qd3 Qxd3
15. Bxd3 Ng4 16. Bd2 Nge5 17. Be2 Nd4 18. b3 Rac8 19. Rae1 a6 20. f4 Nxe2+ 21.
Rxe2 Nc6 22. Nd5 e5 23. fxe5 Nxe5 24. Rxf8+ Rxf8 25. Rf2 Re8 26. Kf1 h5 27. Re2
Rf8+ 28. Rf2 Rxf2+ 29. Kxf2 Ng4+ 30. Kg3 Kg8 31. h3 Nf6 32. Nc3 Kf7 33. Kf3 Ke6
34. Ne2 Nd7 35. Nf4+ Kf5 36. g4+ hxg4+ 37. hxg4+ Kf6 38. Bc3+ Kf7 39. Bxg7 Kxg7
40. g5 Kf7 41. Ke4 Ne5 42. Kd5 Nf3 43. Kxd6 Nxg5 44. Kc7 Ne4 45. Kxb7 g5 46.
Ne2 a5 47. Kb6 g4 48. Kxa5 g3 49. Kb4 g2 50. a4 Ke7 51. Ng1 Kd6 52. Kb5 Nc3+
53. Kb6 Ne4 54. b4 Nd2 55. c5+ Kd5 56. a5 Nc4+ 57. Kb7 1-0

[Event "SV Wattenscheid 2 - Gütersloher SV 1"]
[Site "NRW-Klasse - Gruppe 2 2019/20"]
[Date "2020.02.23"]
[Round "7.5"]
[White "Wulfhorst, Noah"]
[Black "Schmedders, Hans-Gerd"]
[Result "0-1"]
[WhiteElo "1973"]
[BlackElo "2106"]
[PlyCount "54"]
[EventDate "2020.??.??"]
[SourceVersionDate "2020.03.16"]
[WhiteTeam "Gütersloher SV 1"]
[BlackTeam "SV Wattenscheid 2"]

1. c4 b6 2. Nc3 e6 3. Nf3 Bb7 4. b3 f5 5. Bb2 Nf6 6. e3 g6 7. Be2 Bg7 8. d3 d6
9. Qc2 a6 10. a3 Qe7 11. O-O O-O 12. Rad1 Nbd7 13. Rfe1 Rae8 14. e4 fxe4 15.
Nxe4 Nxe4 16. Bxg7 Qxg7 17. dxe4 Rf4 18. Bd3 Ref8 19. Rd2 Rxf3 20. gxf3 Ne5 21.
Be2 Qh6 22. Qc3 Rxf3 23. Bxf3 Qxd2 24. Re3 Nxf3+ 25. Rxf3 Qd1+ 26. Kg2 Bxe4 27.
Qf6 Qxf3+ 0-1

[Event "SV Wattenscheid 2 - Gütersloher SV 1"]
[Site "NRW-Klasse - Gruppe 2 2019/20"]
[Date "2020.02.23"]
[Round "7.6"]
[White "Schwebel, Markus"]
[Black "Hanhoerster, Stephan"]
[Result "1/2-1/2"]
[WhiteElo "1958"]
[BlackElo "2014"]
[PlyCount "22"]
[EventDate "2020.??.??"]
[SourceVersionDate "2020.03.16"]
[WhiteTeam "SV Wattenscheid 2"]
[BlackTeam "Gütersloher SV 1"]

1. e4 c5 2. c3 d6 3. d4 Nf6 4. Bd3 Nc6 5. Nf3 cxd4 6. cxd4 g6 7. Nc3 Bg7 8. O-O
Bg4 9. d5 Ne5 10. Bb5+ Nfd7 11. Bxd7+ Nxd7 1/2-1/2